000 00684nam a2200229 i 4500
003 DO-SdBNP
005 20230601103841.0
007 ta
008 230601b1948 dr a|||| |||| 00| 0 spa d
040 _aDO-SdBNP
_bspa
_cBNPHU
_erda
082 4 _222
100 _938528
_aPérez Reyes, Héctor,
_d1927-
245 1 0 _aAires de soledad /
_cHéctor Pérez Reyes
264 _aCiudad Trujillo, República Dominicana :
_bLa poesia sorprendida,
_c1948.
300 _a10 páginas ;
_c31 cm.
336 _2rdacontent
_atexto
_btxt
337 _2rdamedia
_asin mediación
_bn
338 _2rdacarrier
_avolumen
_bnc
590 _aInventariado, 2023/BT
910 _aBtavárez
942 _2ddc
_cLF2
999 _c53676
_d53676